[Event "Bucharest ROM GP"]
[Site "Bucharest"]
[Date "2025.05.10"]
[Round "2"]
[White "Vedmediuc, Serghei"]
[Black "Tatar, Marius Lucian"]
[Result "1-0"]
[WhiteElo "2427"]
[BlackElo "1874"]
[PlyCount "111"]
[EventDate "2025.05.10"]
[EventType "swiss"]
[EventRounds "10"]
[EventCountry "ROU"]
[SourceTitle "CB20_2025"]
[SourceDate "2025.05.14"]
[SourceVersion "1"]
[SourceVersionDate "2025.05.14"]
[SourceQuality "1"]

1. g3 d5 2. Bg2 Nf6 3. d3 e6 4. Nf3 Be7 5. 0-0 0-0 6. Nbd2 c5 7. e4 Nc6 8. e5 Nd7 9. Re1 Qc7 10. Qe2 b6 11. Nf1 Bb7 12. Bf4 a5 13. h4 a4 14. a3 b5 15. N1h2 b4 16. Ng4 Nd4 17. Qd1 Nxf3+ 18. Qxf3 bxa3 19. bxa3 Rab8 20. h5 d4 21. Qe2 Bxg2 22. Kxg2 Nb6 23. h6 g6 24. Qd2 Nd5 25. Bg5 Qd8 26. Bxe7 Qxe7 27. Rab1 Rb7 28. Qa5 Rfb8 29. Nf6+ Nxf6 30. exf6 Qd7 31. Rxb7 Qxb7+ 32. Re4 Qb5 33. Qxb5 Rxb5 34. c3 e5 35. Rxe5 Kf8 36. cxd4 Rb3 37. dxc5 Rxd3 38. c6 Rd8 39. Ra5 Ke8 40. Rxa4 Rc8 41. Re4+ Kf8 42. Rd4 Ke8 43. Rd6 Rc7 44. Kf3 Ra7 45. Rd3 Rc7 46. Rc3 Kd8 47. Ke4 Rc8 48. c7+ Kd7 49. Kd5 g5 50. Rc6 g4 51. Rd6+ Ke8 52. Rd8+ Rxd8+ 53. cxd8Q+ Kxd8 54. Kd6 Ke8 55. Kc7 Kf8 56. a4 1-0

[Event "Bucharest Grand Prix op"]
[Site "Bucharest"]
[Date "2024.03.23"]
[Round "1"]
[White "Shuvalova, Polina"]
[Black "Tatar, Marius Lucian"]
[Result "1-0"]
[WhiteElo "2455"]
[BlackElo "1788"]
[PlyCount "89"]
[EventDate "2024.03.23"]
[EventType "swiss (rapid)"]
[EventRounds "10"]
[EventCountry "ROU"]
[SourceTitle "CBM 219 Extra"]
[Source "ChessBase"]
[SourceDate "2024.05.31"]
[SourceVersion "1"]
[SourceVersionDate "2024.05.31"]
[SourceQuality "1"]

1. e4 e5 2. Nf3 Nc6 3. Nc3 Nf6 4. Bb5 Bb4 5. 0-0 0-0 6. d3 d6 7. Ne2 Ne7 8. c3 Ba5 9. Ng3 Ng6 10. Re1 c6 11. Ba4 Bb6 12. h3 h6 13. d4 Be6 14. Bc2 Qc7 15. Be3 Rfe8 16. Qd2 Rad8 17. Qc1 a6 18. Nf5 d5 19. Nxg7 Kxg7 20. Bxh6+ Kg8 21. Bg5 Kg7 22. Nxe5 Nxe5 23. Qf4 Ned7 24. e5 Ng8 25. Qh4 Ra8 26. b4 a5 27. a3 axb4 28. axb4 Rxa1 29. Rxa1 Kf8 30. f4 Rb8 31. Kh1 Qc8 32. f5 Ra8 33. Rf1 Bxf5 34. Rxf5 Ra2 35. Bd3 Ra1+ 36. Kh2 Bc7 37. Qh7 Nxe5 38. dxe5 Bxe5+ 39. Rxe5 Qc7 40. Bh6+ Nxh6 41. Qxh6+ Kg8 42. Bh7+ Kh8 43. Bg6+ Kg8 44. Qh7+ Kf8 45. Qh8# 1-0

[Event "ROM-chT Blitz"]
[Site "Sebes"]
[Date "2022.12.04"]
[Round "3.30"]
[White "Campian, Cristian"]
[Black "Tatar, Marius Lucian"]
[Result "1-0"]
[WhiteElo "1998"]
[BlackElo "1457"]
[PlyCount "59"]
[EventDate "2022.12.04"]
[EventType "team-swiss (blitz)"]
[EventRounds "8"]
[EventCountry "ROU"]
[SourceTitle "CBM 211 Extra"]
[Source "ChessBase"]
[SourceDate "2023.01.31"]
[SourceVersion "1"]
[SourceVersionDate "2023.01.31"]
[SourceQuality "1"]
[WhiteTeam "Alba Iulia Unirea II"]
[BlackTeam "Targu Mures"]
[WhiteTeamCountry "ROU"]
[BlackTeamCountry "ROU"]

1. e4 e5 2. d4 exd4 3. Qxd4 Nc6 4. Qe3 Nf6 5. Nc3 Bb4 6. Bd2 0-0 7. 0-0-0 Re8 8. Qg3 Bxc3 9. Bxc3 d6 10. f3 Nh5 11. Qf2 Be6 12. Kb1 a5 13. Ne2 b5 14. g4 Nf6 15. Nf4 b4 16. Bd2 a4 17. Nxe6 Rxe6 18. Bb5 Ne5 19. g5 Nfd7 20. f4 c6 21. Be2 b3 22. fxe5 bxa2+ 23. Ka1 Nxe5 24. Bc3 a3 25. Rhf1 axb2+ 26. Bxb2 Qa5 27. Qd4 c5 28. Qc3 Qb6 29. Bc4 Nxc4 30. Qxg7# 1-0

[Event "Sebes Romanian Rapid op"]
[Site "Sebes"]
[Date "2022.12.02"]
[Round "6"]
[White "Tatar, Marius Lucian"]
[Black "Ambru, Dan Calin"]
[Result "0-1"]
[WhiteElo "1457"]
[BlackElo "1948"]
[PlyCount "146"]
[EventDate "2022.12.02"]
[EventType "swiss (rapid)"]
[EventRounds "8"]
[EventCountry "ROU"]
[SourceTitle "CBM 211 Extra"]
[Source "ChessBase"]
[SourceDate "2023.01.31"]
[SourceVersion "1"]
[SourceVersionDate "2023.01.31"]
[SourceQuality "1"]

1. e4 c5 2. Nf3 Nc6 3. Bb5 d6 4. 0-0 Bd7 5. Re1 Nf6 6. c3 a6 7. Bf1 Bg4 8. h3 Bxf3 9. Qxf3 e6 10. Qd1 Be7 11. d4 d5 12. e5 Nd7 13. Qg4 g6 14. Bh6 cxd4 15. cxd4 Qb6 16. Nc3 Qxd4 17. Qg3 Bh4 18. Qe3 Qxe3 19. Rxe3 d4 20. Re4 Bxf2+ 21. Kxf2 dxc3 22. bxc3 0-0-0 23. Rb1 Nc5 24. Rc4 Nd3+ 25. Bxd3 Rxd3 26. Bg7 Rhd8 27. Bf6 R8d5 28. a4 Kc7 29. Rh4 h5 30. Rc4 b5 31. axb5 axb5 32. Re4 Rxc3 33. h4 b4 34. g4 hxg4 35. Rxg4 Rd2+ 36. Kg1 b3 37. Bg5 Rdd3 38. Rf4 Nxe5 39. Rf6 Nf3+ 40. Kf1 Nxg5 41. hxg5 Rf3+ 42. Rxf3 Rxf3+ 43. Kg2 Rf5 44. Rxb3 Rxg5+ 45. Kf3 Rf5+ 46. Ke4 Kd6 47. Rd3+ Ke7 48. Ra3 Kf6 49. Ra7 Rh5 50. Kf4 Rh4+ 51. Kg3 g5 52. Rc7 Ra4 53. Rc5 e5 54. Rc7 Kg6 55. Rc6+ Kf5 56. Rc7 Ra3+ 57. Kf2 f6 58. Rc4 e4 59. Rc5+ Kf4 60. Rc2 f5 61. Ke2 Rh3 62. Rc5 Rh2+ 63. Kf1 Kg4 64. Kg1 Ra2 65. Rc3 f4 66. Kf1 e3 67. Ke1 Kf3 68. Rc1 g4 69. Kf1 g3 70. Re1 Rf2+ 71. Kg1 e2 72. Kh1 Rf1+ 73. Rxf1+ exf1R# 0-1

[Event "Sebes Romanian Rapid op"]
[Site "Sebes"]
[Date "2022.12.02"]
[Round "1"]
[White "Vrencian, Lehel"]
[Black "Tatar, Marius Lucian"]
[Result "0-1"]
[WhiteElo "2226"]
[BlackElo "1457"]
[PlyCount "77"]
[EventDate "2022.12.02"]
[EventType "swiss (rapid)"]
[EventRounds "8"]
[EventCountry "ROU"]
[SourceTitle "CBM 211 Extra"]
[Source "ChessBase"]
[SourceDate "2023.01.31"]
[SourceVersion "1"]
[SourceVersionDate "2023.01.31"]
[SourceQuality "1"]

1. e4 e5 2. Nf3 Nc6 3. Bb5 a6 4. Ba4 b5 5. Bb3 Bb7 6. 0-0 Be7 7. d4 d6 8. c3 Nf6 9. Re1 0-0 10. Nbd2 h6 11. Nf1 Re8 12. Ng3 Bf8 13. a3 Na5 14. Bc2 Nc4 15. a4 Nb6 16. b3 Nbd7 17. Bd3 bxa4 18. bxa4 c5 19. d5 Qa5 20. Qc2 Nb6 21. Nd2 c4 22. Bxc4 Nxc4 23. Nxc4 Qc5 24. Qb3 Rab8 25. Be3 Qc7 26. Bb6 Qd7 27. a5 Rec8 28. Nd2 Qb5 29. Qxb5 axb5 30. Ra3 Nd7 31. Be3 Nc5 32. Rb1 Ba8 33. Nb3 Na4 34. Ne2 Nxc3 35. Nxc3 Rxc3 36. a6 Rbc8 37. Bd2 Rd3 38. Kf1 Rc2 39. Ra5 0-1

[Event "EU Union-ch U10"]
[Site "Pec pod Snezkou"]
[Date "2022.08.24"]
[Round "3"]
[White "Tatar, Marius Lucian"]
[Black "Matejka, Simon"]
[Result "0-1"]
[WhiteElo "1434"]
[BlackElo "1285"]
[PlyCount "106"]
[EventDate "2022.08.22"]
[EventType "swiss"]
[EventRounds "9"]
[EventCountry "CZE"]
[SourceTitle "EXT 2023"]
[Source "ChessBase"]
[SourceDate "2022.10.05"]
[SourceVersion "1"]
[SourceVersionDate "2022.10.05"]
[SourceQuality "1"]

1. e4 e6 2. d4 d5 3. e5 c5 4. c3 Nc6 5. Nf3 Qb6 6. a3 c4 7. Nbd2 Na5 8. Be2 Bd7 9. 0-0 Nb3 10. Nxb3 Ba4 11. Be3 Bxb3 12. Qd2 Ne7 13. Bd1 Nf5 14. Bxb3 Qxb3 15. Rac1 Be7 16. Qc2 Qxc2 17. Rxc2 Nxe3 18. fxe3 f5 19. Rb1 g5 20. g3 g4 21. Ne1 h5 22. Ng2 h4 23. gxh4 Bxh4 24. b3 b6 25. bxc4 dxc4 26. Rcb2 Be7 27. a4 Kd7 28. Ra2 Kc6 29. a5 b5 30. e4 Bg5 31. exf5 exf5 32. Rf1 Raf8 33. Raf2 Bd8 34. Nf4 Bxa5 35. Ng6 Bxc3 36. Nxf8 Rxf8 37. Rxf5 Bxd4+ 38. Kg2 Rxf5 39. Rxf5 c3 40. Rf1 Bxe5 41. Re1 Kd5 42. Kf2 b4 43. Ke3 Kc4 44. Ke2 Bxh2 45. Kd1 g3 46. Re2 a5 47. Kc2 b3+ 48. Kb1 a4 49. Rg2 a3 50. Re2 Kd3 51. Rg2 c2+ 52. Rxc2 bxc2+ 53. Ka2 c1Q 0-1

[Event "ROM-ch U10"]
[Site "Eforie Nord"]
[Date "2022.04.18"]
[Round "9"]
[White "Stanica, Andrei"]
[Black "Tatar, Marius Lucian"]
[Result "0-1"]
[WhiteElo "1322"]
[BlackElo "1316"]
[PlyCount "43"]
[EventDate "2022.04.11"]
[EventType "swiss"]
[EventRounds "9"]
[EventCountry "ROU"]
[SourceTitle "EXT 2023"]
[Source "ChessBase"]
[SourceDate "2022.10.05"]
[SourceVersion "1"]
[SourceVersionDate "2022.10.05"]
[SourceQuality "1"]

1. e4 e5 2. Nf3 Nc6 3. d4 exd4 4. Bc4 Bc5 5. c3 Nf6 6. e5 d5 7. Bb5 Ne4 8. cxd4 Bb4+ 9. Bd2 Bd7 10. Bxc6 Bxd2+ 11. Nbxd2 Bxc6 12. 0-0 0-0 13. Re1 f6 14. Qb3 Kh8 15. Rad1 Qd7 16. Qe3 Rae8 17. exf6 Rxf6 18. Qd3 Qg4 19. Ne5 Rxe5 20. f3 Qh4 21. dxe5 Qf2+ 22. Kh1 0-1

[Event "Hannibal Online op U08"]
[Site "Chess.com INT"]
[Date "2020.06.09"]
[Round "9"]
[White "Sofronie, Vladimir"]
[Black "Tatar, Marius Lucian"]
[Result "1-0"]
[WhiteElo "1187"]
[BlackElo "1077"]
[PlyCount "95"]
[EventDate "2020.06.01"]
[EventType "swiss"]
[EventRounds "9"]
[EventCountry "MDA"]
[SourceTitle "CBM 196 Extra"]
[Source "ChessBase"]
[SourceDate "2020.07.31"]
[SourceVersion "1"]
[SourceVersionDate "2020.07.31"]
[SourceQuality "1"]

1. d4 d5 2. e3 Bf5 3. c4 e6 4. Nc3 Bb4 5. Qa4+ Nc6 6. Bd2 dxc4 7. Bxc4 Bxc3 8. Bxc3 Nf6 9. Bb5 Qd7 10. Rc1 a6 11. Bxc6 Qxc6 12. Qxc6+ bxc6 13. Ba5 Kd7 14. Nf3 Rab8 15. b3 Rb5 16. Ne5+ Ke8 17. Bxc7 Rb7 18. Rxc6 Be4 19. Rc1 Bxg2 20. Rg1 Bd5 21. Rxg7 Be4 22. Rxf7 Nh5 23. Bd6 Kd8 24. Rxb7 Bxb7 25. Nf7+ Kd7 26. Rc7+ Ke8 27. Nxh8 Bf3 28. Nf7 Bc6 29. Re7+ Kf8 30. Rc7+ Kg7 31. Ne5+ Bd7 32. Rxd7+ Kf6 33. Rf7+ Kg5 34. Be7+ Nf6 35. Bxf6+ Kh6 36. Rg7 a5 37. Nf7+ Kh5 38. Rg5+ Kh4 39. Rxa5+ Kg4 40. Nh6+ Kh3 41. Rh5+ Kg2 42. Ke2 e5 43. Rg5+ Kh1 44. Rf5 Kxh2 45. Bxe5+ Kh1 46. Kf3 Kg1 47. Rh5 Kf1 48. Rh1# 1-0

[Event "Hannibal Online op U08"]
[Site "Chess.com INT"]
[Date "2020.06.06"]
[Round "6"]
[White "Santimbrean, Bogdan Iacob"]
[Black "Tatar, Marius Lucian"]
[Result "0-1"]
[WhiteElo "1190"]
[BlackElo "1077"]
[PlyCount "60"]
[EventDate "2020.06.01"]
[EventType "swiss"]
[EventRounds "9"]
[EventCountry "MDA"]
[SourceTitle "CBM 196 Extra"]
[Source "ChessBase"]
[SourceDate "2020.07.31"]
[SourceVersion "1"]
[SourceVersionDate "2020.07.31"]
[SourceQuality "1"]

1. e4 e5 2. Nf3 Nc6 3. Nc3 Nf6 4. Bc4 Bc5 5. 0-0 0-0 6. d3 h6 7. Nh4 Na5 8. Bb3 Nxb3 9. axb3 d6 10. Nf5 Bxf5 11. exf5 Qd7 12. Qf3 Nh7 13. Nd5 c6 14. Nc3 d5 15. Qg4 Nf6 16. Qf3 d4 17. Ne4 Nxe4 18. Qxe4 f6 19. Qg4 Rf7 20. Bxh6 Kf8 21. Bd2 g5 22. Qh5 Rh7 23. Qg4 Rh4 24. Qg3 Qh7 25. Rfe1 Kf7 26. c3 dxc3 27. bxc3 Rxh2 28. Qxh2 Bxf2+ 29. Kh1 Qxh2+ 30. Kxh2 Rh8# 0-1

[Event "Hannibal Online op U08"]
[Site "Chess.com INT"]
[Date "2020.06.03"]
[Round "3"]
[White "Tatar, Marius Lucian"]
[Black "Sofineti, Alexandru Mihai"]
[Result "1-0"]
[WhiteElo "1077"]
[BlackElo "1010"]
[PlyCount "27"]
[EventDate "2020.06.01"]
[EventType "swiss"]
[EventRounds "9"]
[EventCountry "MDA"]
[SourceTitle "CBM 196 Extra"]
[Source "ChessBase"]
[SourceDate "2020.07.31"]
[SourceVersion "1"]
[SourceVersionDate "2020.07.31"]
[SourceQuality "1"]

1. e4 e5 2. Nf3 Nc6 3. Bc4 h6 4. d4 exd4 5. Nxd4 Bc5 6. Qf3 Nf6 7. Nxc6 dxc6 8. e5 Qe7 9. 0-0 0-0 10. exf6 gxf6 11. Bxh6 Bd6 12. Qh5 Re8 13. Qg6+ Kh8 14. Qg7# 1-0